| 000 | 00488nam a2200181Ia 4500 | ||
|---|---|---|---|
| 001 | 8774 | ||
| 005 | 20260306160634.0 | ||
| 008 | 260306t2015||||xx |||||||||||||| ||spa|| | ||
| 041 | _aESP | ||
| 082 |
_a371.33 _bR75 |
||
| 100 |
_aRodríguez de las Heras, Antonio _eAUT |
||
| 245 | 0 |
_aMetáforas de la sociedad digital: _bel futuro de la tecnología en la educación |
|
| 260 | _c2015 | ||
| 300 |
_a127 páginas : _c24 cm. |
||
| 650 | _aGEN | ||
| 654 | _aCED | ||
| 942 |
_cLIB _dJUS _fJUS _2ddc _n |
||
| 999 |
_c8774 _d8774 |
||